| 000 | 00807nam a22002417a 4500 | ||
|---|---|---|---|
| 005 | 20170124110224.0 | ||
| 010 | _aA-710207 | ||
| 020 |
_c175.00 _a0195625323 |
||
| 035 | _aA-710207 | ||
| 037 | _bCen Lib/Ret | ||
| 040 |
_aDPL _bEN |
||
| 082 |
_a230 _bBAS |
||
| 100 |
_aBasham, A. L. _918421 |
||
| 245 |
_aThe origins and development of classical Hinduism / _cby A. L. Basham ; edited by Kenneth G. Zysk |
||
| 260 |
_aDelhi _bOxford University Press _c1990 |
||
| 270 |
_aYMCA Library Building, Jai Singh Road _bDelhi _e110001 |
||
| 300 |
_axix,159p. : _c23cm(Hb) _bill. |
||
| 500 | _aIncludes bibliographical references and index | ||
| 650 |
_aHinduism -- History _940368 |
||
| 650 |
_aHinduism _9107320 |
||
| 700 |
_aZysk, Kenneth G. _940370 |
||
| 942 |
_2ddc _cEN _h230 _mBAS |
||
| 999 |
_c134301 _d134301 |
||